Top 100 MLB Players of 2022 - Statistics

General Stats
  • This quiz has been taken 78 times
  • The average score is 36 of 100
Answer Stats
Rank Team Player % Correct
1 Yankees Aaron Judge
98%
2 Angels Shohei Ohtani
98%
10 Angels Mike Trout
91%
4 Padres Manny Machado
86%
3 Cardinals Paul Goldschmidt
82%
6 Cardinals Nolan Arenado
81%
52 Phillies Bryce Harper
77%
9 Guardians José Ramírez
77%
23 Astros José Altuve
75%
8 Astros Justin Verlander
74%
15 Dodgers Freddie Freeman
70%
12 Dodgers Mookie Betts
68%
7 Astros Yordan Álvarez
67%
5 Marlins Sandy Alcántara
61%
63 Dodgers Clayton Kershaw
60%
67 Nationals/Padres Juan Soto
60%
25 Dodgers Trea Turner
60%
20 Mets Francisco Lindor
58%
57 Mets Pete Alonso
56%
50 Astros Alex Bregman
54%
81 Blue Jays Vladimir Guerrero Jr.
54%
31 Mets Max Scherzer
51%
22 Mariners Julio Rodríguez
49%
56 White Sox Tim Anderson
49%
73 Guardians Shane Bieber
47%
62 Dodgers Tyler Anderson
47%
70 Blue Jays Bo Bichette
46%
43 Twins Carlos Correa
46%
21 Mets Edwin Díaz
46%
75 White Sox José Abreu
46%
36 Astros Kyle Tucker
46%
14 Phillies Aaron Nola
44%
49 Rangers Corey Seager
44%
51 Mets Jacob deGrom
44%
79 Dodgers Will Smith
44%
93 Phillies Kyle Schwarber
42%
42 Phillies Zack Wheeler
42%
97 Braves Matt Olson
40%
47 Brewers Corbin Burnes
39%
26 Braves Austin Riley
37%
18 Phillies J.T. Realmuto
37%
16 Braves Max Fried
37%
11 White Sox Dylan Cease
35%
88 Blue Jays George Springer
35%
38 Rangers Marcus Semien
35%
34 Red Sox Rafael Devers
35%
68 Astros Framber Valdez
32%
29 Mets Jeff McNeil
32%
98 Blue Jays Matt Chapman
32%
61 Dodgers Julio Urías
30%
45 Giants Logan Webb
30%
32 Braves Spencer Strider
30%
28 Red Sox Xander Bogaerts
30%
46 Cardinals Albert Pujols
28%
40 Mets Brandon Nimmo
28%
19 Braves Dansby Swanson
28%
24 Guardians Emmanuel Clase
28%
69 Astros Jeremy Peña
28%
94 Athletics Sean Murphy
28%
95 Mets Starling Marte
28%
35 Orioles Adley Rutschman
26%
53 Twins Byron Buxton
26%
17 Giants Carlos Rodón
26%
33 Braves Michael Harris II
26%
58 Padres Yu Darvish
26%
41 Diamondbacks Zac Gallen
26%
85 Rangers Adolis García
25%
13 Guardians Andrés Giménez
25%
48 Diamondbacks Christian Walker
25%
74 Blue Jays Kevin Gausman
25%
77 Padres Ha-seong Kim
23%
82 Twins Luis Arráez
23%
80 Reds/Mariners Luis Castillo
23%
60 Guardians Steven Kwan
21%
27 Cardinals Tommy Edman
21%
99 Orioles Cedric Mullins
18%
66 Brewers Devin Williams
18%
83 Blue Jays Alejandro Kirk
16%
37 Blue Jays Alek Manoah
16%
78 Mariners Eugenio Suárez
16%
89 Padres Joe Musgrove
14%
71 Yankees Nestor Cortes Jr.
14%
72 Brewers Willy Adames
14%
39 Diamondbacks Daulton Varsho
12%
44 Rangers Martín Pérez
12%
91 Astros Cristian Javier
11%
64 Dodgers Anthony Gonsolin
9%
76 Pirates/Cardinals José Quintana
9%
55 Astros Lance McCullers Jr.
9%
84 Rays Shane McClanahan
9%
90 Angels Taylor Ward
9%
65 Dodgers Evan Phillips
7%
96 Blue Jays Jordan Romano
7%
92 Braves Kyle Wright
7%
54 Yankees Matt Carpenter
7%
30 Cardinals Ryan Helsley
7%
86 Guardians Triston McKenzie
7%
59 Rockies Daniel Bard
5%
87 Rays Jeffrey Springs
4%
100 Cubs Nico Hoerner
4%
No matching quizzes found
Score Distribution
Percent of People with Each Score
Percentile by Number Answered
Your Score History
You have not taken this quiz